000 00911nam a22002897a 4500
003 CHAP
005 20220329135726.0
008 971013s1973 r 00010 d
010 _a41142
011 _a42114
035 _a46241
040 _cCHAP
090 _aFolleto 7808
100 0 0 _aMukherjee, S. K.
_979408
245 _aVegetative propagation of tropical and subtropical fruit crops
260 _aNew Delhi :
_bIndian Council of Agricultural Research,
_c1973
300 _a34 p.
_b: ilus
590 _aBATCH-UPD
_b10
_c20130110
_lUCH01
_h1644
590 _aBATCH-UPD
_b10
_c20130410
_lUCH01
_h1034
590 _aBATCH-UPD
_b10
_c20130914
_lUCH01
_h1740
590 _aCONVERSION
_b10
_c20130109
_lUCH01
_h1323
650 1 4 _aPropagación de árboles frutales.
_992415
700 0 _aMajumder, P. K.
_969948
901 _aBK
942 _cFOLL
949 _aFolleto 7808
_bBC
_cFOLL
_d-105389
_eTS1
_i46241
_mD
_si
999 _c41142
_d41142